Statistics for From 10 Things to 1 - Geography

Click here to take the quiz!

General Stats

  • This quiz has been taken 43 times
  • The average score is 38 of 55

Answer Stats

Hint Answer % Correct
Island Countries in Asia (excluding Cyprus)Indonesia
100%
Countries Located Entirely on the Arabian PeninsulaYemen
100%
Countries Located Entirely on the Arabian PeninsulaOman
100%
Countries Located Entirely on the Arabian PeninsulaUnited Arab Emirates
98%
Countries Located Entirely on the Arabian PeninsulaSaudi Arabia
98%
Countries Located Entirely on the Arabian PeninsulaQatar
98%
Island Countries in Asia (excluding Cyprus)Bahrain
95%
Island Countries in Asia (excluding Cyprus)Japan
95%
Island Countries in Asia (excluding Cyprus)Sri Lanka
93%
Countries that Start with "I"India
88%
Biggest Rivers in AfricaNile
88%
Countries Located Entirely on the Arabian PeninsulaKuwait
88%
Biggest PeninsulasIndian (Deccan)
88%
Island Countries in Asia (excluding Cyprus)Maldives
88%
Island Countries in Asia (excluding Cyprus)Taiwan
88%
Island Countries in Asia (excluding Cyprus)Singapore
86%
Island Countries in Asia (excluding Cyprus)East-Timor
86%
Four Main Islands in JapanHonshu
86%
Countries that Start with "I"Iceland
83%
Countries that Start with "I"Iran
83%
Countries that Start with "I"Iraq
83%
Largest Lakes that Touch CanadaSuperior
81%
Biggest Rivers in AfricaCongo
81%
Largest Lakes that Touch CanadaErie
81%
Countries that Start with "I"Ireland
81%
Countries that Start with "I"Italy
81%
Island Countries in Asia (excluding Cyprus)Philippines
81%
Largest Lakes that Touch CanadaHuron
79%
Island Countries in Asia (excluding Cyprus)Brunei
76%
Biggest Rivers in AfricaNiger
74%
Countries that Start with "I"Israel
74%
Largest Lakes that Touch CanadaOntario
69%
Four Main Islands in JapanHokkaido
67%
Capital Cities that Start with "H"Harare
67%
Biggest PeninsulasArabian
67%
Biggest Triple-Split Island in the WorldBorneo
62%
Capital Cities that Start with "H"Helsinki
60%
Capital Cities that Start with "H"Havana
57%
Four Main Islands in JapanKyushu
52%
Capital Cities that Start with "H"Hanoi
52%
Largest Lakes that Touch CanadaGreat Bear
50%
Biggest PeninsulasIndochinese
45%
Largest Lakes that Touch CanadaGreat Slave
45%
Capital Cities that Start with "H"Honiara
38%
Self-Declaired Independant Countries Within GeorgiaSouth Ossetia
36%
Four Main Islands in JapanShikoku
33%
Biggest PeninsulasAlaska
31%
Biggest PeninsulasHorn of Africa
29%
Biggest PeninsulasScandinavian
29%
Largest Lakes that Touch CanadaWinnipeg
26%
Self-Declaired Independant Countries Within GeorgiaAbkhazia
26%
Biggest PeninsulasLabrador
19%
Largest Lakes that Touch CanadaAthabasca
12%
Largest Lakes that Touch CanadaReindeer
5%

Score Distribution

Percentile by Number Answered

Percent of People with Each Score

Your Score History

You have not taken this quiz